[Event "AUTO-OPEN-4184"]
[Site "http://www.queenalice.com/game.php?id=1616213"]
[Date "2020.6.11"]
[Round "1"]
[White "sofia"]
[Black "Dogeval"]
[Result "0-1"]
[WhiteElo "1793"]
[BlackElo "2824"]

1. e4 c5 2. c4 Nc6 3. a3 g6 4. Ne2 Bg7 5. d3 e6 6. Be3 Bxb2 7. Ra2 Bg7 8. Nf4
Nge7 9. Bxc5 Qa5+ 10. Qd2 Qxc5 11. Nc3 O-O 12. Be2 Bh6 13. Na4 Qd6 14. g3 e5 15.
c5 Qd4 16. Nc3 Qxc5 17. Na4 Qd4 18. Nb2 exf4 19. g4 d5 20. exd5 Qxd5 21. f3 Qxa2
22. O-O Be6 23. d4 Bg7 24. Rf2 Bxd4 25. Bd3 Be3 26. Qc3 Nd4 27. Kf1 Rac8 28. Qb4
Qa1+ 29. Kg2 Nxf3 30. Kxf3 Qh1+ 31. Rg2 Bxg4+ 32. Kxg4 Qxg2+ 0-1

[Event "AUTO-OPEN-4184"]
[Site "http://www.queenalice.com/game.php?id=1616214"]
[Date "2020.6.11"]
[Round "1"]
[White "Dogeval"]
[Black "sofia"]
[Result "1-0"]
[WhiteElo "2819"]
[BlackElo "1795"]

1. d4 d5 2. c4 Nf6 3. cxd5 Qxd5 4. Nc3 Qd6 5. e4 e5 6. Nf3 exd4 7. Nxd4 h6 8.
Be3 a6 9. Be2 Nc6 10. f4 Qd7 11. Nxc6 Qxc6 12. Bf3 Qc4 13. e5 Nd7 14. Nd5 Nb6
15. Bxb6 Bb4+ 16. Kf2 cxb6 17. Rc1 Qxa2 18. Nc7+ Ke7 19. Nd5+ Kf8 20. Nxb4 Qxb2+
21. Rc2 Qxc2+ 22. Nxc2 Be6 23. Qd6+ Kg8 24. Nd4 Kh7 25. Be4+ g6 26. Nxe6 fxe6
27. Qe7+ Kg8 28. Qxe6+ Kg7 29. Qe7+ 1-0

[Event "AUTO-OPEN-4184"]
[Site "http://www.queenalice.com/game.php?id=1616215"]
[Date "2020.6.11"]
[Round "1"]
[White "sofia"]
[Black "Kouvitch"]
[Result "0-1"]
[WhiteElo "1802"]
[BlackElo "2029"]

1. e4 c5 2. Bc4 e6 3. Nf3 Nc6 4. a3 g6 5. O-O Bg7 6. c3 Nge7 7. d3 O-O 8. Be3 d6
9. h3 Ne5 10. Nxe5 Bxe5 11. d4 Bg7 12. d5 exd5 13. Bxd5 Nxd5 14. exd5 Qh4 15.
Nd2 Bf5 16. Nf3 Qc4 17. b4 cxb4 18. cxb4 Bxa1 19. Qxa1 f6 20. Nd4 Be4 21. Rc1
Qxd5 22. Rd1 Bxg2 23. Ne2 Qf3 24. Nd4 Qxh3 25. f4 Qxe3+ 26. Kh2 Qh3+ 27. Kg1 Bd5
28. Rd2 Qh1+ 0-1

[Event "AUTO-OPEN-4184"]
[Site "http://www.queenalice.com/game.php?id=1616216"]
[Date "2020.6.11"]
[Round "1"]
[White "Kouvitch"]
[Black "sofia"]
[Result "1-0"]
[WhiteElo "2006"]
[BlackElo "1812"]

1. e4 e5 2. Nf3 d6 3. d4 Nc6 4. d5 Nce7 5. c4 Nf6 6. Nc3 Ng6 7. Be2 Bg4 8. h3
Bxf3 9. Bxf3 a6 10. O-O h6 11. Be3 c5 12. dxc6 bxc6 13. Qa4 Ne7 14. Rfd1 Qb8 15.
Rd2 Nd7 16. Rad1 d5 17. exd5 cxd5 18. Nxd5 Nc8 19. Nc7+ Qxc7 20. Rxd7 Nb6 21.
Bxb6 1-0

[Event "AUTO-ADV-4343"]
[Site "http://www.queenalice.com/game.php?id=1621439"]
[Date "2020.7.24"]
[Round "2"]
[White "oevidalr"]
[Black "sofia"]
[Result "1-0"]
[WhiteElo "1804"]
[BlackElo "1714"]

1. e4 e5 2. Nf3 Nc6 3. Nc3 a6 4. Bc4 h6 5. d3 Nf6 6. a3 Bc5 7. b4 Ba7 8. O-O d6
9. Nd5 Bg4 10. h3 Bxf3 11. Qxf3 Nd4 12. Nxf6+ gxf6 13. Qd1 b5 14. Ba2 1-0

[Event "AUTO-ADV-4343"]
[Site "http://www.queenalice.com/game.php?id=1621440"]
[Date "2020.7.24"]
[Round "2"]
[White "sofia"]
[Black "oevidalr"]
[Result "0-1"]
[WhiteElo "1727"]
[BlackElo "1791"]

1. e4 e5 2. Nf3 Nc6 3. a3 Nf6 4. Bb5 Nxe4 5. Bxc6 bxc6 6. Nxe5 Qf6 7. Nf3 d5 8.
h3 Bc5 9. O-O Bd6 10. d3 Nc5 11. Re1+ Ne6 12. Ng5 O-O 13. Nf3 Qg6 14. Nbd2 Nf4
0-1

[Event "AUTO-ADV-4343"]
[Site "http://www.queenalice.com/game.php?id=1621443"]
[Date "2020.7.24"]
[Round "2"]
[White "NickThorp"]
[Black "sofia"]
[Result "0-1"]
[WhiteElo "1571"]
[BlackElo "1672"]

1. e4 e5 2. Nf3 Nc6 3. Bb5 Qf6 4. d3 h6 5. a3 a6 6. Bxc6 dxc6 7. h3 Bc5 8. O-O
Ne7 9. Nc3 Ng6 10. Be3 Bxe3 11. fxe3 Qe6 12. b3 O-O 13. d4 f5 14. dxe5 fxe4 15.
Nxe4 Nxe5 16. Nc5 Qd5 17. Qxd5+ cxd5 18. Nxe5 Re8 19. Ncd3 Be6 20. Rf3 Rad8 21.
Nc5 Bxh3 22. gxh3 Rxe5 23. Nxb7 Rde8 24. Nd6 cxd6 25. Raf1 Rxe3 26. Rxe3 Rxe3
27. Kg2 d4 28. Rd1 Re2+ 29. Kf1 Re4 30. Kf2 g5 31. Kf3 Re3+ 32. Kf2 Rxh3 33.
Rxd4 a5 34. Rxd6 Kg7 35. Ra6 g4 36. Rxa5 h5 37. b4 Kg6 38. c4 h4 39. Kg2 Rc3 40.
c5 Kg5 41. c6+ Kf4 42. Rc5 Rxa3 43. c7 h3+ 44. Kh1 Ra1+ 45. Kh2 Kf3 46. c8=Q g3+
47. Kxh3 Rh1# 0-1

[Event "AUTO-ADV-4343"]
[Site "http://www.queenalice.com/game.php?id=1621444"]
[Date "2020.7.24"]
[Round "2"]
[White "sofia"]
[Black "NickThorp"]
[Result "1-0"]
[WhiteElo "1667"]
[BlackElo "1510"]

1. e4 e5 2. Nf3 Nc6 3. a3 Nf6 4. d3 Bc5 5. h3 h6 6. b4 Bb6 7. Nc3 O-O 8. Bb2 d6
9. Nd5 Nxd5 10. exd5 Ne7 11. Be2 Bf5 12. c4 a6 13. Nh2 Ng6 14. Nf1 Qg5 15. Ne3
Bxe3 16. g4 Bxf2+ 17. Kxf2 Qf4+ 18. Ke1 Bd7 19. Bc1 Qg3+ 20. Kd2 Nf4 21. Kc2
Nxe2 22. Qxe2 Ba4+ 23. Kb2 c5 24. Be3 cxb4 25. axb4 b5 26. c5 dxc5 27. bxc5 Rac8
28. g5 hxg5 29. c6 Rfd8 30. Rhg1 Qxh3 31. Rh1 Qf5 32. Qh5 Kf8 33. Bc5+ Ke8 34.
Qh8# 1-0

[Event "AUTO-ADV-4343"]
[Site "http://www.queenalice.com/game.php?id=1621447"]
[Date "2020.7.24"]
[Round "2"]
[White "sofia"]
[Black "pgrzelak"]
[Result "0-1"]
[WhiteElo "1675"]
[BlackElo "2007"]

1. e4 e5 2. Nf3 Nc6 3. c3 d5 4. Bd3 Nf6 5. exd5 Nxd5 6. h3 Nf4 7. Bf1 Bd6 8. d3
Ng6 9. d4 exd4 10. Nxd4 Nxd4 11. cxd4 Qe7+ 12. Be2 Bb4+ 13. Nc3 O-O 14. Qd3 Be6
15. O-O Bd6 16. d5 Ne5 17. Qe3 Bd7 18. b3 Rfe8 19. a3 Qf6 20. Ne4 Nf3+ 21. Bxf3
Qxa1 22. Qe2 Qe5 23. g3 Bxh3 24. Bf4 Qe7 25. Re1 Bxf4 26. Nf6+ gxf6 27. Qxe7
Rxe7 28. Rxe7 Be5 29. Bh5 Rf8 30. g4 Kg7 31. g5 Bf5 32. Kg2 Bg6 33. gxf6+ Kxf6
34. Rd7 Bf5 35. Rxf7+ Rxf7 36. Bxf7 Kxf7 37. Kf3 Bc2 38. b4 Bb3 39. Ke4 Bb2 0-1

[Event "AUTO-INT-3512"]
[Site "http://www.queenalice.com/game.php?id=1622553"]
[Date "2020.8.2"]
[Round "2"]
[White "byyonico"]
[Black "sofia"]
[Result "1-0"]
[WhiteElo "1485"]
[BlackElo "1756"]

1. d4 d5 2. c4 Nf6 3. Nc3 e6 4. cxd5 exd5 5. Nf3 h6 6. Ne5 a6 7. Qa4+ c6 8. b4
b5 9. Qc2 g6 10. e3 Bxb4 11. Bd2 Bf5 12. Bd3 1-0

[Event "AUTO-INT-3512"]
[Site "http://www.queenalice.com/game.php?id=1622554"]
[Date "2020.8.2"]
[Round "2"]
[White "sofia"]
[Black "byyonico"]
[Result "0-1"]
[WhiteElo "1785"]
[BlackElo "1456"]

1. e4 c5 2. c4 Nc6 3. Nf3 d6 4. h3 Nd4 5. Nxd4 cxd4 6. d3 e6 7. Nd2 e5 8. Nf3
Be7 9. Be2 Nf6 10. Qb3 O-O 11. Ng5 h6 0-1

[Event "AUTO-INT-3512"]
[Site "http://www.queenalice.com/game.php?id=1622557"]
[Date "2020.8.2"]
[Round "2"]
[White "ggteste1"]
[Black "sofia"]
[Result "1-0"]
[WhiteElo "1752"]
[BlackElo "1698"]

1. e4 e5 2. Nf3 Nc6 3. Nc3 a6 4. Bc4 h6 5. O-O Qf6 6. d3 Bc5 7. Be3 Bxe3 8. fxe3
Qd6 9. Nh4 Nf6 10. a3 O-O 11. Na4 b5 12. Nf5 bxa4 13. Nxd6 cxd6 14. h3 Bb7 15.
b4 Ne7 16. c3 Bc6 17. Ba2 1-0

[Event "AUTO-INT-3512"]
[Site "http://www.queenalice.com/game.php?id=1622558"]
[Date "2020.8.2"]
[Round "2"]
[White "sofia"]
[Black "ggteste1"]
[Result "0-1"]
[WhiteElo "1684"]
[BlackElo "1766"]

1. e4 e5 2. Nf3 Nc6 3. Bb5 d6 4. h3 Nf6 5. d3 a6 6. Bxc6+ bxc6 7. O-O Be7 8.
Nbd2 O-O 9. Nb3 h6 10. Be3 c5 11. c4 Rb8 12. Rb1 Bd7 13. Na5 c6 14. Bd2 Nh7 15.
Qa4 Ng5 16. Nh2 f5 17. Nxc6 Bf6 0-1

[Event "AUTO-ADV-4351"]
[Site "http://www.queenalice.com/game.php?id=1622651"]
[Date "2020.8.3"]
[Round "2"]
[White "sofia"]
[Black "maurice91"]
[Result "0-1"]
[WhiteElo "1800"]
[BlackElo "1820"]

1. e4 e5 2. Nf3 Nc6 3. a3 Bc5 4. d3 Nf6 5. h3 d6 6. Be2 Bd7 7. O-O Nd4 8. Bg5 h6
9. Bh4 g5 10. Bg3 Nxe2+ 11. Qxe2 Nh5 12. Bh2 Nf4 13. Bxf4 exf4 14. e5 Be6 15. c4
O-O 0-1

[Event "AUTO-ADV-4351"]
[Site "http://www.queenalice.com/game.php?id=1622652"]
[Date "2020.8.3"]
[Round "2"]
[White "maurice91"]
[Black "sofia"]
[Result "1-0"]
[WhiteElo "1804"]
[BlackElo "1816"]

1. d4 d5 2. Bf4 e6 3. Nf3 f6 4. h3 Ne7 5. Nbd2 Nec6 6. Bh2 Bd6 7. e3 a6 8. c3
Nd7 9. e4 O-O 10. Bxd6 cxd6 11. Bd3 Ndb8 12. Nf1 b5 13. exd5 Ne7 14. dxe6 Bxe6
15. Qc2 g6 16. Ne3 1-0

[Event "AUTO-ADV-4351"]
[Site "http://www.queenalice.com/game.php?id=1622653"]
[Date "2020.8.3"]
[Round "2"]
[White "sofia"]
[Black "capaputi"]
[Result "0-1"]
[WhiteElo "1669"]
[BlackElo "2233"]

1. e4 c5 2. Nc3 g6 3. d4 cxd4 4. Qxd4 Nf6 5. e5 Nc6 6. Qf4 Nh5 7. Qe4 d6 8. Bb5
dxe5 9. Nf3 Nf6 10. Qh4 Bd7 11. a3 Bg7 12. O-O Qc7 13. Bg5 h6 14. Bxf6 exf6 15.
Nd5 Qd8 16. Rad1 f5 17. Qxd8+ Rxd8 18. Rfe1 O-O 19. c3 e4 20. Nd2 Ne5 21. a4
Bxb5 22. Ne7+ Kh7 23. Re3 Bxa4 24. Ra1 Rxd2 25. Kf1 Bb5+ 26. Kg1 Re8 27. f4 Nc4
28. Ree1 Rxe7 29. Rxa7 Rxb2 30. Rc1 e3 31. h4 Bc6 32. Kf1 Rf2+ 33. Ke1 Bxg2 34.
Ra4 Nd2 35. Kd1 Nb3 36. Rc2 Bf3+ 0-1

[Event "AUTO-ADV-4351"]
[Site "http://www.queenalice.com/game.php?id=1622654"]
[Date "2020.8.3"]
[Round "2"]
[White "capaputi"]
[Black "sofia"]
[Result "1-0"]
[WhiteElo "2235"]
[BlackElo "1677"]

1. e4 e5 2. Bc4 Nf6 3. d4 Nc6 4. Nf3 h6 5. dxe5 Nxe4 6. Qd5 Qe7 7. Qxe4 Nb4 8.
Na3 c6 9. Qe2 d5 10. exd6 Qxe2+ 11. Bxe2 Bxd6 12. c3 Nd5 13. Nc4 Bc5 14. O-O Bg4
15. Nce5 Bxf3 16. Bxf3 Bd6 17. Nc4 O-O-O 18. Bxd5 cxd5 19. Nxd6+ Rxd6 20. Bf4
Rb6 21. b3 g5 22. Be3 Rc6 23. Rad1 Rd6 24. a4 f5 25. Bxa7 b6 26. a5 bxa5 27. Ra1
Ra6 28. Bd4 f4 29. f3 Kd7 30. Bxh8 Rb6 31. Rxa5 Kd6 32. Rd1 Rb8 33. Raxd5+ Ke6
34. Re5+ Kf7 35. Rd7+ Kg8 36. Bf6 Rf8 37. Re6 Rf7 38. Rd8+ Kh7 39. Bd4 1-0